000 00260nam a22001217a 4500
008 180316b xxu||||| |||| 00| 0 eng d
041 _aeng
080 _a821
100 _a21
101 _aGJL
245 _aHateful Contrarier
_cWimsatt, W.K
942 _2udc
_cBK
999 _c45232
_d45232